The monastic way / (Record no. 118662)
[ view plain ]
| 000 -LEADER | |
|---|---|
| fixed length control field | 01237cam a2200301 a 4500 |
| 001 - CONTROL NUMBER | |
| control field | 14683318 |
| 003 - CONTROL NUMBER IDENTIFIER | |
| control field | ARRUPE |
| 005 - DATE AND TIME OF LATEST TRANSACTION | |
| control field | 20131125175624.0 |
| 008 - FIXED-LENGTH DATA ELEMENTS--GENERAL INFORMATION | |
| fixed length control field | 061229s2006 miua b 001 0 eng |
| 010 ## - LIBRARY OF CONGRESS CONTROL NUMBER | |
| LC control number | 2006103516 |
| 020 ## - INTERNATIONAL STANDARD BOOK NUMBER | |
| International Standard Book Number | 9780802840455 (cloth : alk. paper) |
| 040 ## - CATALOGING SOURCE | |
| Original cataloging agency | DLC |
| Transcribing agency | DLC |
| Modifying agency | DLC |
| 050 00 - LIBRARY OF CONGRESS CALL NUMBER | |
| Classification number | BV4810 |
| Item number | .M595 2006 |
| 300 ## - PHYSICAL DESCRIPTION | |
| Other physical details | ill. ; |
| Dimensions | 22 cm. |
| 245 04 - TITLE STATEMENT | |
| Title | The monastic way / |
| Statement of responsibility, etc | edited by Hannah Ward and Jennifer Wild. |
| 246 1# - VARYING FORM OF TITLE | |
| Display text | Subtitle on cover: |
| Title proper/short title | ancient wisdom for contemporary living : a book of daily readings |
| 260 ## - PUBLICATION, DISTRIBUTION, ETC. (IMPRINT) | |
| Place of publication, distribution, etc | Grand Rapids, Mich. : |
| Name of publisher, distributor, etc | William B. Eerdmans Pub. Co., |
| Date of publication, distribution, etc | 2006. |
| 300 ## - PHYSICAL DESCRIPTION | |
| Extent | xi, 242 p. : |
| 504 ## - BIBLIOGRAPHY, ETC. NOTE | |
| Bibliography, etc | Includes bibliographical references (p. [215]-235) and index. |
| 650 #0 - SUBJECT ADDED ENTRY--TOPICAL TERM | |
| Topical term or geographic name as entry element | Devotional calendars. |
| 9 (RLIN) | 3751 |
| 650 #0 - SUBJECT ADDED ENTRY--TOPICAL TERM | |
| Topical term or geographic name as entry element | Christian life. |
| 9 (RLIN) | 3752 |
| 650 #0 - SUBJECT ADDED ENTRY--TOPICAL TERM | |
| Topical term or geographic name as entry element | Monastic and religious life. |
| 9 (RLIN) | 3753 |
| 700 1# - ADDED ENTRY--PERSONAL NAME | |
| Personal name | Ward, Hannah. |
| 9 (RLIN) | 3754 |
| 700 1# - ADDED ENTRY--PERSONAL NAME | |
| Personal name | Wild, Jennifer. |
| 9 (RLIN) | 3755 |
| 856 41 - ELECTRONIC LOCATION AND ACCESS | |
| Materials specified | Table of contents only |
| Uniform Resource Identifier | <a href="http://www.loc.gov/catdir/toc/ecip077/2006103516.html">http://www.loc.gov/catdir/toc/ecip077/2006103516.html</a> |
| 906 ## - LOCAL DATA ELEMENT F, LDF (RLIN) | |
| a | 7 |
| b | cbc |
| c | orignew |
| d | 1 |
| e | ecip |
| f | 20 |
| g | y-gencatlg |
| 942 ## - ADDED ENTRY ELEMENTS (KOHA) | |
| Source of classification or shelving scheme | Library of Congress Classification |
| Koha item type | Monograph ( Printed materials) |
| Withdrawn status | Lost status | Source of classification or shelving scheme | Damaged status | Not for loan | Home library | Current library | Shelving location | Date acquired | Total Checkouts | Full call number | Barcode | Date last seen | Date checked out | Price effective from | Koha item type |
|---|---|---|---|---|---|---|---|---|---|---|---|---|---|---|---|
| Library of Congress Classification | ARRUPE LIBRARY | ARRUPE LIBRARY | Main Collection | 25/11/2013 | 2 | BV4810 .M595 2006 | 46410249 | 24/01/2017 | 31/08/2016 | 25/11/2013 | Monograph ( Printed materials) |